عرض عادي
عرض مارك
- ابراهيم ، حسام
مدخل إسم شخص
001 - رقم الضبط
- حقل الضبط: 9869
003 - معرف رقم الضبط
- حقل الضبط: OSt
005 - تاريخ ووقت أخر عملية
- حقل الضبط: 20120313014700.0
008 - عناصر بيانات ثابتة الطول
- حقل تحكم ثابت الطول: 120313|||a|||||| | ||| d
040 ## - مصدر الفهرسة
- هيئة الفهرسة الأصلية: OSt
- وكالة الكتابة: OSt
100 ## - مدخل -- أسم شخص
- إسم شخص: ابراهيم ، حسام
670 ## - بيانات المصدر موجوده
- الاستشهاد بالمصدر: Work cat.: (OSt): ابراهيم ، حسام, تدقيق الحسابات بين النظرية والتطبيق/, 2011
